000 00448nam a22001457a 4500
008 151123b xxu||||| |||| 00| 0 eng d
020 _a9781579479367
050 _aSPE RB 115 .C87 2007
100 _aMaves D Michael
_d2007
245 _acpt 2008/
_cMichael D Maves
250 _aStandard Edition
260 _aUnited states,
_bAMA ,
_c2007
300 _axviii,652p.:
_bincludes index
942 _2lcc
_cBOOKS
_hSPE RB 115 .C87 2007
999 _c9996
_d9996